000
00282nam a2200121Ia 4500
100
_a
White/Harvey
942
_c
BK
654
_a
College
245
_a
Introduction to College Physics
260
_b
D''Van Nostrand- Reinhold Co
_a
Newyork
_c
1968
300
_a
791
546
_a
ENGLISH
999
_c
29505
_d
29505